000 01316cam a2200217 4500
001 WB@3612-308
008 040915n2004 000 0 eng u
035 _a(Sirsi) u127403
245 _aEnvironmental Scotland
260 _c2004
490 _aScottish Executive News Release
_v13 September 2004 (1)
520 _aA draft Bill expected to be introduced into parliament in January 2005 is designed to open the decision-making process on major plans to public comment. The comprehensive plans for environmental protection should put Scotland at the forefront of European policy. The proposals in the Bill go beyond European legislation and ensure all public sector plans, strategies and plans are scrutinised for environmental impact. The Bill can be viewed at: http://www.scotland-legislation.hmso.gov.uk/cgi-bi n/htm_hl.pl?DB=hmso-new&STEMMER=en&WORDS=environme nt+assess+plan+programm+&COLOUR=Red&STYLE=s&URL=ht tp://www.hmso.gov.uk/legislation/scotland/ssi2004/ 20040258.htm#muscat_highlighter_first_match. http://www.scotland.gov.uk/News/Releases/2004/09/1 3115501
590 _aWB
590 _aWB
650 _aENVIRONMENTAL IMPACT ASSESSMENTS
650 _aPLANNING POLICY
650 _aEC DIRECTIVES
650 _aDIRECTIVE 2001/42/EC
690 _aENVIRONMENT-AUDIT/ASSESSMENT
942 _n0
999 _c118002
_d118002